<?xml version="1.0" encoding="UTF-8"?>
<collection xmlns="http://www.loc.gov/MARC21/slim">
 <record>
  <leader>00828nam a22001691  4500</leader>
  <controlfield tag="001">1/13028</controlfield>
  <controlfield tag="008">980609sx.x.    enk            000 0eng d</controlfield>
  <datafield tag="035" ind1=" " ind2=" ">
   <subfield code="l">13477</subfield>
  </datafield>
  <datafield tag="040" ind1=" " ind2=" ">
   <subfield code="a">DLC</subfield>
   <subfield code="b">GR-PeUP</subfield>
  </datafield>
  <datafield tag="082" ind1="0" ind2="0">
   <subfield code="a">Π 423 ΑΓ</subfield>
  </datafield>
  <datafield tag="245" ind1="0" ind2="0">
   <subfield code="a">Αγγλική οικονομική ορολογία :</subfield>
   <subfield code="b">για τα β και γ έτη οικονομικού - ΝΟΕ και ΑΒΣΘ /</subfield>
   <subfield code="c">επιμ. Γιώργος Μαγουλάς.</subfield>
  </datafield>
  <datafield tag="260" ind1=" " ind2=" ">
   <subfield code="a">[χ.τ.] :</subfield>
   <subfield code="b">University Studio,</subfield>
   <subfield code="c">χ.χ.</subfield>
  </datafield>
  <datafield tag="300" ind1=" " ind2=" ">
   <subfield code="a">101σ. ;</subfield>
   <subfield code="c">15εκ.</subfield>
  </datafield>
  <datafield tag="500" ind1=" " ind2=" ">
   <subfield code="a">Περιέχει: κείμενο, ερμηνευτικά σχόλια, λεξιλόγιο.</subfield>
  </datafield>
  <datafield tag="650" ind1=" " ind2="4">
   <subfield code="a">Οικονομική</subfield>
   <subfield code="x">Ορολογία</subfield>
   <subfield code="x">Αγγλικά.</subfield>
  </datafield>
  <datafield tag="700" ind1="\" ind2="\">
   <subfield code="e">Μαγουλάς, Γιώργος επιμ.</subfield>
  </datafield>
  <datafield tag="852" ind1=" " ind2=" ">
   <subfield code="a">INST</subfield>
   <subfield code="b">UNIPILB</subfield>
   <subfield code="c">MAIN</subfield>
   <subfield code="e">20040709</subfield>
   <subfield code="h">Π 423 ΑΓ</subfield>
   <subfield code="p">00116616</subfield>
   <subfield code="q">00116616</subfield>
   <subfield code="t">LOAN</subfield>
   <subfield code="y">0</subfield>
   <subfield code="4">1</subfield>
  </datafield>
 </record>
</collection>
